1955 1913 1581 1849 1130 1460 1332 1463 1327 1812 1798 1891 1768 1199 1467 1345 1303 1898 1086 1641 1869 1851 1273 1530 1230 1195 1728 1977 1638 1465 1396 1527 1068 1584 1170 1371 1326 1240 1536 1200 1111 1793 1481 1334 1946 1224 1610 1041 1176 1834 1851 1386 1427 1777 1396 1728 1372 1347 1290 1972 1482 1578 1948 1771 1245 1471 1809 1272 1484 1198 1025 1388 1447 1249 1417 1973 1417 1991 1170 1489 1365 1511 1818 1410 1832 1182 1536 1254 1306 1720 1725 1622 1243 1508 1374 1830 1958 1914 1124 BCNSPRNW ULIB Ver.6.0+V

เปลี่ยนเป็นภาษาไทย

Change to English
 แสดงรายละเอียดบรรณานุกรม
  กลับหน้าหลัก

Brief Record : Get Marc (ISO 2709) : E-mail record : QR code < ปิดหน้าต่าง
LEADER : 00000nam 2200000uu 4500
001    13399111830
003     ULIB
008    110627s2552||||th 000 0 tha d
020    9786167081175
090    นว.^bม557ช 2552
100 0  มิ่งมาดา
245 00 เชลยรักบัลลังก์ทราย/^cมิ่งมาดา
250    พิมพ์ครั้งที่ 1
260    กรุงเทพฯ :^bSmart book,^c2552
300    275 หน้า
945    ^p200^l0^i026961
945    ^p200^l0^i16987
995    ทศพร
999 ^a ใช้งานได้ทุกระบบ
รายการนี้ยังไม่มีแท็ก
คุณยังไม่ได้ล็อกอิน คุณสามารถมีกิจกรรมร่วมกับเว็บไซต์ได้ แต่ต้องล็อกอินก่อน ::
  ล็อกอิน

รายการสื่อสารสนเทศ

ลำดับที่ ประเภท เลขเรียก/บาร์โค้ด สถานที่ สถานะ
1. นวนิยาย
นวนิยาย
นว. ม557ช 2552 ฉ.1 
  Barcode: 16987
ห้องสมุดวิทยาเขตสวรรค์ประชารักษ์
►นวนิยาย
บนชั้น
  ขอยืม

BibComment


ยังไม่เคยถูกคอมเมนท์

คอมเมนท์ทรัพยากรรายการนี้
  คอมเมนท์: เชลยรักบัลลังก์ทร..


 Copyright 2026. Bcnsprnw @Library